| 000 | 00966nam a22002777a 4500 | ||
|---|---|---|---|
| 003 | BCEG | ||
| 005 | 20260325121152.0 | ||
| 008 | 260325s2018 mx|||||| |||| 00| 0 spa d | ||
| 020 | _a9786075391960 | ||
| 040 |
_aBCEG _bspa _cBCEG |
||
| 082 | 0 | 4 |
_a267.972 _bC675i |
| 245 | 0 | 0 |
_aCofradías de indios y negros _b: origen, evolución y continuidades. |
| 260 |
_aMéxico : _bSecretaría de Cultura : _bInstituto Nacional de Antropología e Historia, _c2018. |
||
| 300 |
_a357 p. _b: fots. |
||
| 490 | _aColección Historia. Serie Logos. | ||
| 504 | _aIncluye bibliografía. | ||
| 541 | _aCompra. | ||
| 650 | 1 | 4 |
_aCofradías _zMéxico _xHistoria. |
| 650 | 1 | 4 |
_aCofradías _zAmérica Latina _xHistoria. |
| 650 | 1 | 4 |
_aIndios de México _xReligión. |
| 650 | 1 | 4 |
_aNegros _xReligión _zMéxico. |
| 700 | 1 |
_aSerrano Espinosa, Teresa Eleazar, _ecoord. |
|
| 700 | 1 |
_aJarillo Hernández, Ricardo, _ecoord. |
|
| 700 | 1 |
_aMoreno Navarro, Isidoro, _d1944-, _ecoaut. |
|
| 942 | _cBK | ||
| 999 |
_c437131 _d437131 |
||